[Event "Druzynowe Mistrzostwa Polski Juniorow - Ekstraliga"]
[Site "Suchedniow"]
[Date "1899-12-30"]
[Round "1.24"]
[White "Kaniowska, Anna"]
[Black "Sowa, Wiktoria"]
[Result "0-1"]
[WhiteTitle "II+"]
[BlackTitle "I"]
[WhiteElo "1390"]
[BlackElo "1539"]

1. d4 Nf6 2. c4 c5 3. d5 e6 4. Nc3 exd5 5. cxd5 d6 6. e4 g6 7. Nf3 Bg7 8. Be2 O-O
9. O-O Bg4 10. h3 Bxf3 11. Bxf3 a6 12. a4 Nbd7 13. Qc2 Rb8 14. Be2 Qc7 15. Be3
Rfe8 16. Rac1 c4 17. f3 b5 18. axb5 axb5 19. Bf2 Nc5 20. Rfe1 Nfd7 21. Nb1 Qc8
22. Nd2 Ne5 23. Rcd1 Ned3 24. Bxd3 Nxd3 25. Re2 Bxb2 26. Bg3 Be5 27. Bxe5 Rxe5
28. Rb1 Nf4 29. Rf2 Rg5 30. Kh2 Rh5 31. Qc1 Nxh3 32. Rf1 Nf2+ 33. Kg1 Nd3 34.
Qa3 Qd8 35. g4 Rh3 36. Rfd1 Qh4 37. Nf1 Qf2# 0-1

[Event "Druzynowe Mistrzostwa Polski Juniorow - Ekstraliga"]
[Site "Suchedniow"]
[Date "1899-12-30"]
[Round "1.25"]
[White "Nowak, Kamil"]
[Black "Chomczyk, Marek"]
[Result "1-0"]
[WhiteTitle "k+"]
[BlackTitle "k"]
[WhiteElo "2313"]
[BlackElo "2167"]

1. d4 Nf6 2. Nf3 e6 3. c4 d5 4. Nc3 Bb4 5. cxd5 exd5 6. Bg5 Nbd7 7. e3 h6 8. Bh4
g5 9. Bg3 Ne4 10. Nd2 Nxg3 11. hxg3 Nb6 12. Qc2 Be6 13. Bd3 Qe7 14. a3 Bxc3 15.
Qxc3 O-O-O 16. O-O-O Qf6 17. f3 Bf5 18. g4 Bxd3 19. Qxd3 Qc6+ 20. Kb1 Qg6 21.
Qc2 Rde8 22. Rde1 Re6 23. Nb3 Nc4 24. e4 Rb6 25. Ka2 a5 26. Rb1 Rc6 27. Qd3 Rd8
28. Nc5 b6 29. Na4 Kb8 30. Nc3 dxe4 31. fxe4 Ne5 32. Qg3 Nc4 33. d5 Rf6 34. b3
Nd2 35. Rbc1 Rf4 36. Rhe1 Re8 37. e5 a4 38. bxa4 Nc4 39. Nb5 Rxe5 40. Rxe5 Nxe5
41. Rxc7 Qe4 42. Rc8+ Kxc8 43. Nd6+ Kd7 44. Nxe4 Rxe4 45. Qf2 Rxa4 46. Qf6 Rxg4
47. Qxe5 Rxg2+ 48. Kb3 Rf2 49. d6 Rd2 50. Qe7+ Kc6 51. Qc7+ Kd5 1-0

[Event "Druzynowe Mistrzostwa Polski Juniorow - Ekstraliga"]
[Site "Suchedniow"]
[Date "1899-12-30"]
[Round "1.26"]
[White "Kowalski, Igor"]
[Black "Grela, Kacper"]
[Result "1-0"]
[WhiteTitle "k"]
[BlackTitle "FM"]
[WhiteElo "2131"]
[BlackElo "2274"]

1. d4 Nf6 2. c4 g6 3. Nc3 Bg7 4. e4 d6 5. Bd3 O-O 6. Nge2 c5 7. d5 Nbd7 8. O-O
Ne5 9. f4 Nxd3 10. Qxd3 a6 11. a4 Qc7 12. Ng3 e6 13. dxe6 fxe6 14. Rd1 Ne8 15.
Be3 b6 16. Rab1 Qf7 17. b4 g5 18. fxg5 Be5 19. Rf1 Qg6 20. Rxf8+ Kxf8 21. Nce2
Ng7 22. Bf4 Bxf4 23. Nxf4 Qxg5 24. Qxd6+ Kg8 25. Qc6 Rb8 26. Qc7 Ra8 27. Rd1 Bd7
28. Rxd7 cxb4 29. Rd1 Rf8 30. Nh3 Qe3+ 31. Kh1 b3 32. Qe5 b5 33. axb5 axb5 34.
c5 Rc8 35. Ng1 b4 36. N3e2 Rf8 37. Qd4 Qg5 38. Nf3 Qg4 39. h3 Qh5 40. Ng3 Qg6
41. Kh2 h5 42. c6 Qh6 43. c7 h4 44. Ne2 e5 45. Qxe5 Ne6 46. Rd6 b2 47. Rxe6 Qg7
48. Qxg7+ Kxg7 49. Nd2 Rc8 50. Rc6 1-0

[Event "Druzynowe Mistrzostwa Polski Juniorow - Ekstraliga"]
[Site "Suchedniow"]
[Date "1899-12-30"]
[Round "1.27"]
[White "Czopor, Maciej"]
[Black "Pacan-milej, Kosma"]
[Result "1/2-1/2"]
[WhiteTitle "I++"]
[BlackTitle "I"]
[WhiteElo "2016"]
[BlackElo "2033"]

1. e4 c5 2. Nf3 d6 3. d4 cxd4 4. Nxd4 Nf6 5. Nc3 a6 6. Be2 e5 7. Nb3 Be7 8. Be3
Be6 9. Nd5 Bxd5 10. exd5 Nbd7 11. O-O O-O 12. c4 Ne8 13. Qd2 a5 14. Rac1 b6 15.
f4 Rc8 16. fxe5 dxe5 17. Bg4 a4 18. Na1 Nd6 19. Bxd7 Qxd7 20. Qe2 Qb7 21. b4 axb3
22. axb3 f5 23. Nc2 Ne4 24. g4 Nd6 25. gxf5 Nxf5 26. Bf2 Bd6 27. Qe4 g6 28. Ne1
Qe7 29. Nd3 Rb8 30. Rb1 Bc7 31. b4 Qg5+ 32. Kh1 Nd6 33. Qxe5 Qxe5 34. Nxe5 Rbe8
35. Nd7 Rf7 36. Nxb6 Bxb6 37. Bxb6 Rxf1+ 38. Rxf1 Nxc4 39. Bc5 Rd8 40. Rd1 Kf7
41. Kg2 Kf6 42. Kf3 Ke5 43. Re1+ Kf5 44. Rd1 Ke5 45. d6 Nxd6 46. Rxd6 Rxd6 47.
Bxd6+ Kxd6 48. Kf4 h6 49. h3 Kd5 50. b5 Kc5 51. Ke5 Kxb5 52. Kf6 g5 53. Kg6 Kc6
54. Kxh6 Kd7 55. Kxg5 Ke7 56. Kg6 Kf8 57. Kh7 Kf7 58. h4 Kf8 59. h5 Kf7 1/2-1/2

[Event "Druzynowe Mistrzostwa Polski Juniorow - Ekstraliga"]
[Site "Suchedniow"]
[Date "1899-12-30"]
[Round "1.28"]
[White "Ossolinski, Ziemowit"]
[Black "Dytman, Radoslaw"]
[Result "1/2-1/2"]
[WhiteTitle "I"]
[BlackTitle "II+"]
[WhiteElo "1845"]
[BlackElo "1479"]

1. e4 e5 2. Nf3 Nc6 3. Bb5 a6 4. Bxc6 dxc6 5. O-O Bd6 6. d4 exd4 7. Qxd4 f6 8.
Be3 Ne7 9. Qc4 Ng6 10. Nc3 Qe7 11. Nd4 Ne5 12. Qe2 Bd7 13. Rfe1 O-O-O 14. f3 Qf7
15. f4 Nc4 16. Nb3 Nxb2 17. Nb1 Nc4 18. N1d2 Nxd2 19. Bxd2 Rhe8 20. Rab1 c5 21.
Na5 b5 22. a4 c6 23. axb5 axb5 24. c4 b4 25. Ra1 Kc7 26. Rec1 Bf5 27. e5 fxe5
28. Nb3 Kb6 29. Bxb4 exf4 30. Ba5+ Kb7 31. Qb2 Ra8 32. Nd4+ Kc8 33. Nxc6 Qe6 34.
Bc3 Rxa1 35. Rxa1 Bc7 36. Na7+ Kd7 37. Qb5+ Ke7 38. Qxc5+ Bd6 39. Nc6+ Kf8 40.
Qa5 f3 41. Re1 Qg6 42. Rxe8+ Kxe8 43. Qa8+ Kd7 44. Qb7+ Ke8 45. Qa8+ Kd7 46. Qb7+
Ke8 47. Qa8+ Kd7 48. Qb7+ Ke8 49. Qa8+ 1/2-1/2

[Event "Druzynowe Mistrzostwa Polski Juniorow - Ekstraliga"]
[Site "Suchedniow"]
[Date "1899-12-30"]
[Round "1.29"]
[White "Dadello, Aleksandra"]
[Black "Kaczmarska, Joanna"]
[Result "1-0"]
[WhiteTitle "I++"]
[BlackTitle "k"]
[WhiteElo "1958"]
[BlackElo "1923"]

1. e4 e5 2. Nf3 Nc6 3. Bc4 Bc5 4. c3 Nf6 5. d3 O-O 6. Nbd2 d5 7. exd5 Nxd5 8. Ne4
Be7 9. O-O Nb6 10. Bb3 Bf5 11. Re1 Qd7 12. Bc2 Rad8 13. Qe2 Rfe8 14. Be3 Qd5 15.
a4 a5 16. Nfd2 Bg6 17. Bxb6 cxb6 18. Nc4 Bc5 19. Rad1 Qe6 20. Bb3 Qf5 21. Nxc5
bxc5 22. Qe3 Rxd3 23. Rxd3 Qxd3 24. Qxc5 h6 25. h3 Qd8 26. Rd1 Qc7 27. Rd5 Be4
28. Nd6 Bxd5 29. Nxe8 Qd7 30. Bxd5 Qxe8 31. Bxc6 bxc6 32. Qxa5 f6 33. Qb6 Qd7
34. a5 Qd1+ 35. Kh2 Qc1 36. a6 Qf4+ 37. g3 Qa4 38. a7 Kh7 39. b4 Qa2 40. c4 f5
41. b5 cxb5 42. cxb5 f4 43. gxf4 Qa4 44. Qe3 exf4 45. Qd3+ 1-0

[Event "Druzynowe Mistrzostwa Polski Juniorow - Ekstraliga"]
[Site "Suchedniow"]
[Date "1899-12-30"]
[Round "1.30"]
[White "Malicka, Maria"]
[Black "Harazinska, Magdalena"]
[Result "1/2-1/2"]
[WhiteTitle "k+"]
[BlackTitle "I++"]
[WhiteElo "1938"]
[BlackElo "1811"]

1. e4 c5 2. Nf3 e6 3. d4 cxd4 4. Nxd4 a6 5. Bd3 Qc7 6. O-O Nf6 7. Qe2 d6 8. f4
Nbd7 9. Kh1 b5 10. Bd2 Bb7 11. Nc3 Be7 12. Rae1 Nc5 13. e5 Nxd3 14. cxd3 dxe5
15. fxe5 Nd5 16. Qg4 Nxc3 17. bxc3 O-O 18. Bh6 g6 19. Bxf8 Bxf8 20. Re2 Bg7 21.
Ref2 Rf8 22. Qg5 Bd5 23. Re2 Qxc3 24. Qe3 Qa3 25. Nb3 Bxb3 26. axb3 Qxb3 27. Rc2
Qd5 28. Rc7 Qxe5 29. Qf2 Qd5 30. Rxf7 Qd8 31. Rxf8+ Qxf8 32. Qxf8+ Bxf8 33. Ra1
Kf7 34. Rxa6 b4 35. Ra7+ Be7 36. Kg1 Kf6 37. Rb7 h5 38. Kf1 Bd6 39. Ke2 Bxh2 40.
Rxb4 g5 41. Kf2 Bd6 42. Rb5 Be7 43. Kf3 Bd6 44. Ke4 Bg3 45. d4 h4 46. Kf3 Bf4
47. Kg4 Bg3 48. Kf3 Bf4 49. Kg4 Kf7 50. Rb3 Bh2 51. Ra3 Ke7 52. Kf3 Kd7 53. Ra5
Bf4 54. Ke4 Bd2 55. Ra6 Be1 56. Ra4 g4 57. Ra7+ Kd6 58. Rg7 h3 59. gxh3 gxh3 60.
Rh7 1/2-1/2

[Event "Druzynowe Mistrzostwa Polski Juniorow - Ekstraliga"]
[Site "Suchedniow"]
[Date "1899-12-30"]
[Round "2.1"]
[White "Golda, Sebastian"]
[Black "Chomczyk, Marek"]
[Result "0-1"]
[WhiteTitle "I"]
[BlackTitle "k"]
[WhiteElo "1932"]
[BlackElo "2167"]

1. e4 e5 2. Nf3 Nc6 3. Bc4 Bc5 4. d3 Nf6 5. Bb3 d6 6. c3 a6 7. Nbd2 O-O 8. Nf1
h6 9. Ng3 Ba7 10. O-O Re8 11. h3 Be6 12. Bc2 d5 13. Qe2 Qd7 14. Kh2 Rad8 15. Nh4
b5 16. Qf3 Ne7 17. Kg1 Nh7 18. Nh5 Ng5 19. Qg3 f6 20. d4 Bf7 21. Bd1 dxe4 22.
dxe5 Nf5 23. Nxf5 Qxf5 24. exf6 Rxd1 25. Nxg7 Rxf1+ 26. Kxf1 Qd5 27. Bxg5 Qxg5
28. Qxg5 hxg5 29. Nxe8 Bxe8 30. Rd1 Kf7 31. Rd8 Bc6 32. Rh8 Bd5 33. Rh7+ Kxf6
34. Rxc7 Bb6 35. Rd7 Ke6 36. Rg7 Kf5 37. a3 e3 38. fxe3 Bxe3 39. Rd7 Bc4+ 40.
Ke1 a5 41. a4 bxa4 42. Rd8 Bc1 43. Ra8 Bb3 44. Rxa5+ Kf4 45. Rb5 Ke3 46. Rxg5
Bxb2 47. Rg3+ Ke4 48. c4 a3 49. Kd2 a2 50. Re3+ Kd4 51. Rxb3 a1=Q 52. Rd3+ Kxc4
53. Ke2 Qg1 54. Rg3 Bd4 0-1

[Event "Druzynowe Mistrzostwa Polski Juniorow - Ekstraliga"]
[Site "Suchedniow"]
[Date "1899-12-30"]
[Round "2.2"]
[White "Kowalski, Igor"]
[Black "Marczuk, Anna"]
[Result "1/2-1/2"]
[WhiteTitle "k"]
[BlackTitle "k"]
[WhiteElo "2131"]
[BlackElo "1931"]

1. e4 c5 2. Nf3 d6 3. d4 cxd4 4. Nxd4 Nf6 5. Nc3 a6 6. g3 e5 7. Nb3 Be7 8. Bg2
Bg4 9. Qd3 Nc6 10. Be3 O-O 11. O-O Rc8 12. Qd2 Be6 13. Nd5 Bxd5 14. exd5 Nb8 15.
h3 Nbd7 16. Rac1 Nb6 17. Na5 Nc4 18. Nxc4 Rxc4 19. b3 Rc8 20. g4 Nd7 21. c4 h6
22. Be4 Bg5 23. Bxg5 Qxg5 24. Qxg5 hxg5 25. Bf5 Rfd8 26. Kg2 g6 27. Bd3 Rc7 28.
Rh1 Rdc8 29. h4 Nf6 30. Rce1 gxh4 31. Rxh4 Kg7 32. Reh1 Rc5 33. Be2 Ne4 34. Rh7+
Kf6 35. f3 Nc3 36. Bd3 Nxa2 37. g5+ Kxg5 38. Rxf7 R5c7 39. Rhh7 Rxf7 40. Rxf7
Nc1 41. Bc2 b5 42. Rg7 bxc4 43. Rxg6+ Kh5 44. bxc4 Rxc4 45. Bf5 Rf4 46. Bc2 e4
47. Rxd6 exf3+ 48. Kf2 1/2-1/2

[Event "Druzynowe Mistrzostwa Polski Juniorow - Ekstraliga"]
[Site "Suchedniow"]
[Date "1899-12-30"]
[Round "2.3"]
[White "Szczurek, Krzysztof"]
[Black "Pacan-milej, Kosma"]
[Result "1/2-1/2"]
[WhiteTitle "I"]
[BlackTitle "I"]
[WhiteElo "1926"]
[BlackElo "2033"]

1. e4 c5 2. c3 d5 3. exd5 Qxd5 4. d4 g6 5. Nf3 Bg7 6. Be3 cxd4 7. cxd4 Nf6 8. Nc3
Qd8 9. Bc4 O-O 10. O-O Nc6 11. Rc1 Na5 12. Be2 Be6 13. Ne5 Rc8 14. Qa4 a6 15.
Bf3 Nd7 16. Rfd1 b5 17. Qa3 Bxe5 18. dxe5 Nc4 19. Qxa6 Nxb2 20. Nd5 Rxc1 21. Rxc1
Nxe5 22. Nc7 Nxf3+ 23. gxf3 Bc4 24. Nxb5 Qd3 25. a4 Nxa4 26. Qxa4 Bxb5 27. Qd4
Qxd4 28. Bxd4 f6 29. Rc7 e5 30. Be3 Rf7 31. Rxf7 Kxf7 32. f4 e4 33. Kg2 Be2 34.
Kg3 Ke6 35. Bd4 Kf5 36. Bc3 h6 37. h4 g5 38. fxg5 fxg5 39. Bd2 gxh4+ 1/2-1/2

[Event "Druzynowe Mistrzostwa Polski Juniorow - Ekstraliga"]
[Site "Suchedniow"]
[Date "1899-12-30"]
[Round "2.4"]
[White "Ossolinski, Ziemowit"]
[Black "Korcyl, Patryk"]
[Result "1-0"]
[WhiteTitle "I"]
[BlackTitle "II"]
[WhiteElo "1845"]
[BlackElo "1564"]

1. e4 c5 2. Nf3 d6 3. d4 cxd4 4. Nxd4 Nf6 5. f3 e5 6. Nb3 Be6 7. c4 Nbd7 8. Be3
Rc8 9. N1d2 a6 10. Be2 Be7 11. O-O h5 12. Rc1 h4 13. Qe1 Nh5 14. Kh1 Bg5 15. Bf2
Nf8 16. Rd1 Qe7 17. c5 dxc5 18. Nc4 Bxc4 19. Bxc4 b5 20. Bd5 Nf4 21. Qa5 Nxd5
22. Rxd5 Nd7 23. Qxa6 O-O 24. Qxb5 Rfd8 25. Bxc5 Nxc5 26. Rxc5 Rxc5 27. Qxc5 Qxc5
28. Nxc5 Rd2 29. Na4 Kf8 30. Rb1 Be3 31. h3 Ke7 32. b4 Rxa2 33. Nc3 Ra3 34. Nd5+
Kd6 35. b5 Bd4 36. Kh2 Ra1 37. Rxa1 Bxa1 38. g3 hxg3+ 39. Kxg3 Bd4 40. Kg4 Kc5
41. Nc7 g6 42. Kg5 Kd6 43. Nd5 Ke6 44. b6 Bc5 45. h4 Ba3 46. Nc7+ Kd7 47. Kf6
Be7+ 48. Kxf7 Bxh4 49. Kxg6 Kc6 50. Nd5 Bg3 51. Kf5 Kb7 52. Ke6 Kc6 53. Nf6 Kxb6
54. Nd7+ Kc7 55. Nxe5 Kd8 56. Ng6 Bc7 57. f4 Ke8 58. f5 1-0

[Event "Druzynowe Mistrzostwa Polski Juniorow - Ekstraliga"]
[Site "Suchedniow"]
[Date "1899-12-30"]
[Round "2.5"]
[White "Jedrocha, Katarzyna"]
[Black "Kaczmarska, Joanna"]
[Result "0-1"]
[WhiteTitle "k"]
[BlackTitle "k"]
[WhiteElo "1948"]
[BlackElo "1923"]

1. d4 d5 2. c4 e6 3. Nc3 Nf6 4. Bg5 Be7 5. Nf3 h6 6. Bh4 O-O 7. e3 b6 8. cxd5 exd5
9. Bd3 Bb7 10. Qc2 Nbd7 11. O-O c5 12. dxc5 bxc5 13. Qe2 Re8 14. Rac1 Qb6 15.
Bb5 a6 16. Ba4 Bc6 17. Bxc6 Qxc6 18. Rfd1 Qe6 19. Qd3 c4 20. Qd2 g5 21. Nd4 Qb6
22. Bg3 Nc5 23. Nf5 Nd3 24. Rb1 Bb4 25. Nxh6+ Kg7 26. Nf5+ Kg6 27. Nd4 Qa5 28.
Nc6 Bxc3 29. bxc3 Qc5 30. Nb4 Nxb4 31. Rxb4 Ne4 32. Qxd5 Rad8 33. Qxd8 Rxd8 34.
Rxd8 Nxc3 35. Rb2 Qa3 36. Rc2 Ne2+ 37. Kf1 Nc3 38. Rd4 Nxa2 39. Rdxc4 Nb4 40.
R2c3 Qa1+ 41. Rc1 Qb2 42. Be5 Qd2 43. Bc7 Na2 44. Rc6+ Kh7 45. Re1 Nb4 46. Rf6
Nd3 47. Ra1 Qb2 48. Raxa6 Qc1+ 49. Ke2 Qc2+ 50. Kf3 Qxc7 51. Ra1 Kg7 52. Rf5 Ne5+
53. Ke4 f6 54. Kd4 Qc4# 0-1

[Event "Druzynowe Mistrzostwa Polski Juniorow - Ekstraliga"]
[Site "Suchedniow"]
[Date "1899-12-30"]
[Round "2.6"]
[White "Malicka, Maria"]
[Black "Dylag, Emilia"]
[Result "1-0"]
[WhiteTitle "k+"]
[BlackTitle "I"]
[WhiteElo "1938"]
[BlackElo "1712"]

1. e4 d5 2. exd5 Qxd5 3. d4 Nf6 4. Nf3 c6 5. Be2 Bg4 6. O-O e6 7. c4 Qa5 8. Nc3
Be7 9. Be3 Nbd7 10. a3 O-O 11. b4 Qc7 12. Qb3 Rfd8 13. Rac1 b6 14. h3 Bh5 15.
Rfd1 Qb7 16. Ne5 Bxe2 17. Nxe2 Rac8 18. f4 Nf8 19. Qb1 Ng6 20. f5 exf5 21. Qxf5
Bd6 22. Bg5 Ne7 23. Qf3 Bxe5 24. dxe5 Ne8 25. Rf1 Ng6 26. Bxd8 Rxd8 27. Qf5 Qe7
28. Rcd1 Rxd1 29. Rxd1 Qxe5 30. Nd4 Qe3+ 31. Kh2 Nd6 32. Qd3 Qe5+ 33. Qg3 Qh5
34. Nf3 Ne4 35. Qb8+ Nf8 36. Rd8 g5 37. Rxf8+ Kg7 38. Rg8+ 1-0

[Event "Druzynowe Mistrzostwa Polski Juniorow - Ekstraliga"]
[Site "Suchedniow"]
[Date "1899-12-30"]
[Round "2.7"]
[White "Janik, Igor"]
[Black "Nowak, Kamil"]
[Result "1/2-1/2"]
[WhiteTitle "FM"]
[BlackTitle "k+"]
[WhiteElo "2318"]
[BlackElo "2313"]

1. e4 e5 2. Nf3 Nc6 3. Bb5 a6 4. Ba4 Nf6 5. O-O Be7 6. Re1 b5 7. Bb3 d6 8. c3 O-O
9. h3 Nb8 10. d4 Nbd7 11. a4 Bb7 12. Nbd2 Re8 13. Bc2 c5 14. d5 c4 15. b3 cxb3
16. Nxb3 Qc7 17. Bd3 bxa4 18. Rxa4 Nb6 19. Ra3 Nfd7 20. Na5 Nc5 21. Be3 Nbd7 22.
Bc2 Bd8 23. Nd2 Qb8 24. Ndc4 Bxa5 25. Nxa5 Qc7 26. Qe2 Rab8 27. Rb1 Ba8 28. Rb4
f5 29. f3 Rec8 30. Bb1 Kh8 31. Kh2 h6 32. Qc4 fxe4 33. fxe4 Rf8 34. Nb3 Nb6 35.
Qe2 Nbd7 36. Nxc5 Nxc5 37. Bc2 Bb7 38. Rb1 Rf7 39. Rf1 Rbf8 40. Rxf7 Rxf7 41.
Qh5 Kg8 42. Qh4 Rf6 43. Bd1 Bc8 44. Bf3 a5 45. Qe1 Bd7 46. Qe2 Rf8 47. Qc4 Rc8
48. Bd1 a4 49. Bc2 Qa5 50. Qb4 Qc7 1/2-1/2

[Event "Druzynowe Mistrzostwa Polski Juniorow - Ekstraliga"]
[Site "Suchedniow"]
[Date "1899-12-30"]
[Round "2.8"]
[White "Grela, Kacper"]
[Black "Delekta, Filip"]
[Result "1-0"]
[WhiteTitle "FM"]
[BlackTitle "I++"]
[WhiteElo "2274"]
[BlackElo "2209"]

1. d4 c5 2. d5 e5 3. c4 d6 4. e4 Be7 5. g3 Bg5 6. f4 exf4 7. gxf4 Bh4+ 8. Kd2 Nf6
9. Nc3 Ng4 10. Nh3 f5 11. exf5 Bxf5 12. Bd3 Qf6 13. Ne4 Bxe4 14. Bxe4 h5 15. Kc2
Nd7 16. Qd3 O-O-O 17. Bd2 Qe7 18. Bf5 Kb8 19. Rae1 Bxe1 20. Rxe1 Qh4 21. Re6 Rdf8
22. Be1 Qd8 23. Ng5 g6 24. Bxg4 hxg4 25. Bg3 Rf6 26. Ne4 Rxe6 27. dxe6 Nf8 28.
f5 Ka8 29. Bxd6 Rh7 30. e7 Rxe7 31. Bxe7 Qxe7 32. f6 Qc7 33. Qg3 Qf7 34. Kd3 Qd7+
35. Qd6 Qxd6+ 36. Nxd6 Kb8 37. Ke4 Kc7 38. Kd5 Kd7 39. Nxb7 1-0

[Event "Druzynowe Mistrzostwa Polski Juniorow - Ekstraliga"]
[Site "Suchedniow"]
[Date "1899-12-30"]
[Round "2.9"]
[White "Dzida, Kamil"]
[Black "Czopor, Maciej"]
[Result "0-1"]
[WhiteTitle "I"]
[BlackTitle "I++"]
[WhiteElo "1781"]
[BlackElo "2016"]

1. e4 c5 2. Nf3 d6 3. d4 cxd4 4. Nxd4 Nf6 5. Nc3 a6 6. Be3 e6 7. g4 e5 8. Nf5 h5
9. g5 Nxe4 10. Nxg7+ Bxg7 11. Nxe4 d5 12. Ng3 e4 13. c3 Nc6 14. Be2 Be6 15. Nxh5
Be5 16. f4 exf3 17. Bxf3 Qc7 18. Qd2 O-O-O 19. Rc1 Kb8 20. Nf4 Qe7 21. Rd1 d4
22. cxd4 Nxd4 23. Qf2 Nxf3+ 24. Qxf3 Rxd1+ 25. Kxd1 Bxa2 26. Nd3 Rd8 27. Qe4 Bb1
28. Bf4 Rxd3+ 29. Qxd3 Bxd3 30. Re1 Bc2+ 0-1

[Event "Druzynowe Mistrzostwa Polski Juniorow - Ekstraliga"]
[Site "Suchedniow"]
[Date "1899-12-30"]
[Round "2.10"]
[White "Dytman, Radoslaw"]
[Black "Chyzy, Jakub"]
[Result "1-0"]
[WhiteTitle "II+"]
[BlackTitle "I"]
[WhiteElo "1479"]
[BlackElo "1805"]

1. e4 e5 2. Nf3 Nc6 3. c3 Nf6 4. d4 Nxe4 5. d5 Ne7 6. Nxe5 d6 7. Bb5+ c6 8. dxc6
bxc6 9. Nxc6 Qb6 10. Nd4+ Bd7 11. Bxd7+ Kxd7 12. O-O Nf6 13. Nd2 Rc8 14. N2f3
h6 15. Qa4+ Nc6 16. Rd1 Qa5 17. Qb3 Nd8 18. Bf4 Ne8 19. Rd2 1-0

[Event "Druzynowe Mistrzostwa Polski Juniorow - Ekstraliga"]
[Site "Suchedniow"]
[Date "1899-12-30"]
[Round "2.11"]
[White "Malinowska, Monika"]
[Black "Dadello, Aleksandra"]
[Result "1-0"]
[WhiteTitle "I"]
[BlackTitle "I++"]
[WhiteElo "1378"]
[BlackElo "1958"]

1. d4 d5 2. c4 e6 3. Nc3 Nf6 4. cxd5 exd5 5. Bg5 Be7 6. e3 O-O 7. Bd3 Nbd7 8. Qc2
c6 9. Nf3 Re8 10. O-O-O Nf8 11. Ne5 Ng4 12. h4 h6 13. f3 Nxe5 14. dxe5 Bxg5 15.
hxg5 Qxg5 16. f4 Qg3 17. Rde1 Bg4 18. Rhf1 Rad8 19. Qd2 c5 20. Bb5 Bd7 21. Bxd7
Rxd7 22. Nxd5 Red8 23. e4 Ne6 24. Rf3 Qg4 25. Qe3 Nd4 26. Nf6+ gxf6 27. Rg3 Qxg3
28. Qxg3+ Kh7 29. exf6 Rg8 30. Qh3 Rgd8 31. Qh5 Ne6 32. Rh1 1-0

[Event "Druzynowe Mistrzostwa Polski Juniorow - Ekstraliga"]
[Site "Suchedniow"]
[Date "1899-12-30"]
[Round "2.12"]
[White "Harazinska, Magdalena"]
[Black "Kaniowska, Anna"]
[Result "1-0"]
[WhiteTitle "I++"]
[BlackTitle "II+"]
[WhiteElo "1811"]
[BlackElo "1390"]

1. d4 d5 2. c4 e6 3. Nc3 Nf6 4. cxd5 exd5 5. Bg5 Nbd7 6. e3 Be7 7. Bd3 O-O 8. Qc2
c6 9. Nge2 Re8 10. O-O Nf8 11. f3 h6 12. Bh4 Ne6 13. Rad1 Qc7 14. Bf2 a6 15. Ng3
Rd8 16. Nf5 Bf8 17. Bh4 Ng5 18. Bg3 Qd7 19. Na4 Qe8 20. Nb6 Bxf5 21. Bxf5 Qxe3+
22. Kh1 Qe7 23. Nxa8 Rxa8 24. Rfe1 Qd8 25. Be5 Bd6 26. Qf2 Bxe5 27. dxe5 Nd7 28.
Bb1 Qc7 29. f4 Nh7 30. Qc2 Ndf8 31. Rxd5 Qe7 32. Rdd1 Rd8 33. Rxd8 Qxd8 34. Rd1
Qh4 35. Qd2 Qe7 36. Bxh7+ Kxh7 37. Qd6 Qe8 38. Qd8 Qxd8 39. Rxd8 Ne6 40. Rd7 Nxf4
41. Rxf7 Nd3 42. e6 Ne5 43. e7 1-0

[Event "Druzynowe Mistrzostwa Polski Juniorow - Ekstraliga"]
[Site "Suchedniow"]
[Date "1899-12-30"]
[Round "2.13"]
[White "Kiolbasa, Oliwia"]
[Black "Wisniewski, Michal"]
[Result "1/2-1/2"]
[WhiteTitle "WIM"]
[BlackTitle "k+"]
[WhiteElo "2318"]
[BlackElo "2235"]

1. e4 c5 2. Nf3 d6 3. d4 cxd4 4. Nxd4 Nf6 5. Nc3 g6 6. Be3 Bg7 7. f3 Nc6 8. Qd2
O-O 9. g4 Be6 10. Nxe6 fxe6 11. O-O-O Ne5 12. Be2 Qc8 13. h4 Nfd7 14. f4 Nc4 15.
Bxc4 Qxc4 16. e5 Rad8 17. exd6 Nf6 18. Qe2 Qxe2 19. Nxe2 exd6 20. Rhg1 Nd5 21.
Bd2 Rc8 22. Kb1 Rc4 23. b3 Re4 24. Ng3 Rd4 25. Ne2 Re4 26. Ng3 Rexf4 27. Bxf4
Nc3+ 28. Kc1 Rxf4 29. Rxd6 Rxg4 30. Rd8+ Kf7 31. Rd7+ Kg8 1/2-1/2

[Event "Druzynowe Mistrzostwa Polski Juniorow - Ekstraliga"]
[Site "Suchedniow"]
[Date "1899-12-30"]
[Round "2.14"]
[White "Pultorak, Jan"]
[Black "Szostko, Jakub"]
[Result "1-0"]
[WhiteTitle "FM"]
[BlackTitle "k"]
[WhiteElo "2296"]
[BlackElo "2246"]

1. d4 Nf6 2. c4 g6 3. Nc3 Bg7 4. e4 d6 5. Nf3 O-O 6. Be2 e5 7. O-O Nc6 8. d5 Ne7
9. b4 a5 10. Ba3 axb4 11. Bxb4 Re8 12. Qd3 Nf5 13. exf5 e4 14. Qd2 exf3 15. Bxf3
Bxf5 16. Rae1 Qd7 17. Nb5 Bg4 18. Qf4 Bxf3 19. Qxf3 Rxa2 20. Bc3 Rxe1 21. Rxe1
Ne8 22. Bxg7 Kxg7 23. Qb3 Ra8 24. Qb2+ Kg8 25. Nc3 b6 26. Ne4 Qa4 27. Nd2 Ng7
28. Ne4 Ne8 29. Nd2 Qa5 30. h3 Ng7 31. Re7 Qa1+ 32. Qxa1 Rxa1+ 33. Kh2 Ra7 34.
Ne4 Nf5 35. Rd7 h6 36. g4 Nd4 37. Nxd6 Nf3+ 38. Kg2 Ne5 39. Re7 f6 40. Ne4 Kf8
41. d6 Ra4 42. dxc7 Rxc4 43. Rh7 Kg8 44. Nxf6+ Kf8 45. Nd7+ 1-0

[Event "Druzynowe Mistrzostwa Polski Juniorow - Ekstraliga"]
[Site "Suchedniow"]
[Date "1899-12-30"]
[Round "2.15"]
[White "Kosakowski, Jakub"]
[Black "Teclaf, Pawel"]
[Result "0-1"]
[WhiteTitle "k"]
[BlackTitle "CM"]
[WhiteElo "2122"]
[BlackElo "2191"]

1. e4 c5 2. Nf3 d6 3. d4 cxd4 4. Nxd4 Nf6 5. Nc3 a6 6. Be3 e6 7. f3 b5 8. Qd2 Nbd7
9. g4 h6 10. O-O-O Bb7 11. h4 b4 12. Na4 Qa5 13. b3 Nc5 14. a3 Nxa4 15. axb4 Qc7
16. bxa4 Nd7 17. Nb3 d5 18. Kb2 Be7 19. f4 Nf6 20. Bg2 Nxg4 21. exd5 Bxb4 22.
Qxb4 Nxe3 23. Be4 exd5 24. Bd3 Nxd1+ 25. Rxd1 O-O-O 26. Nc5 Rd6 27. a5 Rhd8 28.
Re1 g6 29. Ka2 Rc6 30. Nb3 Qd6 31. Qd2 Qc7 32. Nd4 Rc5 33. Nb3 Rc4 34. f5 Rxh4
35. fxg6 fxg6 36. Re6 Rd6 37. Re8+ Rd8 38. Re6 g5 39. Qe1 Kb8 40. Re7 Qd6 41.
Re6 Ra4+ 42. Kb2 Qa3+ 43. Kb1 Qa2+ 44. Kc1 Qa3+ 45. Kb1 Rb4 46. Qg3+ Ka8 47. Bxa6
Qxa5 48. Bxb7+ Rxb7 49. Qd3 Rb6 50. Kb2 Rdb8 51. Re7 Ra6 52. Kc1 Qb5 53. Qf3 Qc4
54. Rd7 Qf4+ 55. Qxf4 gxf4 56. Rxd5 Rf8 57. Rd2 h5 58. Nd4 Ra1+ 59. Kb2 Rf1 60.
Ne6 Rf7 61. Ng5 Rf5 62. Ne4 Re5 63. Rd4 f3 64. Nd2 Rf2 65. Kc3 Re3+ 66. Kc4 Rfe2
67. c3 f2 0-1

[Event "Druzynowe Mistrzostwa Polski Juniorow - Ekstraliga"]
[Site "Suchedniow"]
[Date "1899-12-30"]
[Round "2.16"]
[White "Oglaza, Oskar"]
[Black "Pytel, Maciej"]
[Result "1-0"]
[WhiteTitle "k"]
[BlackTitle "I"]
[WhiteElo "2107"]
[BlackElo "2000"]

1. e4 c5 2. Nf3 e6 3. d4 cxd4 4. Nxd4 Nc6 5. Nc3 Qc7 6. Be3 a6 7. Qf3 b5 8. Nxc6
Qxc6 9. Bd3 Bb7 10. Qg3 Nf6 11. e5 Nh5 12. Qh4 Qxg2 13. O-O-O g6 14. Be4 Bxe4
15. Nxe4 Be7 16. Bg5 Bxg5+ 17. Nxg5 O-O 18. Rhg1 Qc6 19. Rd6 Qc5 20. Qxh5 1-0

[Event "Druzynowe Mistrzostwa Polski Juniorow - Ekstraliga"]
[Site "Suchedniow"]
[Date "1899-12-30"]
[Round "2.17"]
[White "Burakowska, Gabriela"]
[Black "Kopica, Paulina"]
[Result "1-0"]
[WhiteTitle "I++"]
[BlackTitle "I++"]
[WhiteElo "1841"]
[BlackElo "1899"]

1. d4 d5 2. c4 e6 3. Nc3 c5 4. cxd5 exd5 5. Nf3 Nc6 6. g3 Nf6 7. Bg2 Be7 8. O-O
O-O 9. dxc5 Bxc5 10. Na4 Be7 11. Be3 Ne4 12. Rc1 Re8 13. a3 Bf6 14. Nd4 Bd7 15.
Nc5 Nxd4 16. Bxd4 Bc6 17. e3 Qd6 18. Qd3 Rac8 19. Rfd1 Rcd8 20. Qc2 Bxd4 21. Rxd4
Qe5 22. Rcd1 Rc8 23. Nd3 Qe6 24. Qb3 Qf5 25. a4 Red8 26. Nf4 Rd7 27. Bxe4 dxe4
28. Rxd7 Bxd7 29. Qxb7 Bxa4 30. Rd4 Bc6 31. Qxc6 1-0

[Event "Druzynowe Mistrzostwa Polski Juniorow - Ekstraliga"]
[Site "Suchedniow"]
[Date "1899-12-30"]
[Round "2.18"]
[White "Sowa, Wiktoria"]
[Black "Kalinowska, Zuzanna"]
[Result "0-1"]
[WhiteTitle "I"]
[BlackTitle "k"]
[WhiteElo "1539"]
[BlackElo "1910"]

1. e4 e6 2. d4 d5 3. Nd2 Nf6 4. e5 Nfd7 5. Bd3 c5 6. c3 Nc6 7. Ne2 cxd4 8. cxd4
f6 9. exf6 Nxf6 10. Nf3 Bd6 11. O-O O-O 12. Re1 Qc7 13. Ng3 Bd7 14. a3 Rae8 15.
Bg5 Bf4 16. Bxf6 Rxf6 17. Nh5 Rh6 18. Nxf4 Qxf4 19. g3 Qf8 20. Ne5 Nxe5 21. Rxe5
Rf6 22. Qc2 g6 23. f4 Rc8 24. Qb3 Rc7 25. Rae1 Qd6 26. Kg2 a6 27. Rh1 b5 28. Qd1
Qb6 29. Bc2 Rc4 30. h4 Qxd4 31. Qxd4 0-1